00797nam a2200217 a 450000100060000000300080000600500170001400800410003103500190007204000270009104100080011808200260012624501470015226000640029930000330036349000440039650400400044065100380048070000170051883000440053555738BD-RJUL20211209080316.0161121s1968 ii ab b 100 0 eng d a(BD-RJUL)55862 aDLCcDLCdBD-RJULbeng aeng a330.954223bAPP 196810aApplied geography :bproceedings of the Summer School, Department of Geography, Banaras Hindu University, November 1-10, 1966. /c R. L. Singh aVaranasi :bNational Geographical Society of India,cc1968. axi, 280 p. :bill. ;c26 cm.1 aNational Geographical Society of India. aIncludes bibliographical references 0aIndiaxEconomic conditionsy1947-1 aSingh, R. L. 0aNational Geographical Society of India.